000 00649nam a22002177a 4500
003 UA-OsUOA
001 44472
007 ta
008 20070224b un ||||| |||| 00| 0 ukr d
100 _aДафна Дю Морье
090 _a82
_bД-11
942 _cSA
040 _aUA-OsUOA
_brus
_cUA-OsUOA
_dUA-OsUOA
245 _aРебекка/Роман. Перевод с английского Галины Островской. Продолжение. Начало в №1
300 _aС.1-80
955 _a0
041 _arus
080 _a82
773 0 _w44471
650 7 _a82 Література. Літературознавство
_2UDC
999 _c330587
_d330587